Sermones del P. Carlos Frey de Neuville predicador de Luis XV, Rey de Francia (Record no. 8622)

MARC details
000 -CABECERA
campo de control de longitud fija 01022nam a2200253 a 4500
001 - NÚMERO DE CONTROL
campo de control BRCA_8971
005 - FECHA Y HORA DE LA ÚLTIMA TRANSACCIÓN
campo de control 20190320210457.0
008 - DATOS DE LONGITUD FIJA--INFORMACIÓN GENERAL
campo de control de longitud fija 060717s1786----sp-#######---#000-0#spa-#
041 ## - CÓDIGO DE LENGUA
Código de lengua del texto/banda sonora o título independiente spa
044 ## - CÓDIGO DEL PAÍS DE LA ENTIDAD EDITORA/PRODUCTORA
Código MARC del país sp
084 ## - OTRO NÚMERO DE CLASIFICACIÓN
Número de clasificación BE162
Número de documento/Ítem .F74 1786
100 1# - ENTRADA PRINCIPAL--NOMBRE DE PERSONA
Nombre de persona Frey de Neuville, Carlos
9 (RLIN) 22278
245 10 - MENCIÓN DE TÍTULO
Título Sermones del P. Carlos Frey de Neuville predicador de Luis XV, Rey de Francia
Mención de responsabilidad, etc. traducidos del francés por D. Juan Antonio Pellicer de la Real Biblioteca.
260 ## - PUBLICACIÓN, DISTRIBUCIÓN, ETC.
Lugar de publicación, distribución, etc. Madrid
Nombre del editor, distribuidor, etc. Por Don Blas Roman Impresor de la Real academia de Derecho Español y Publico
Fecha de publicación, distribución, etc. 1786
300 ## - DESCRIPCIÓN FÍSICA
Extensión 339 p. (t.5)
Dimensiones 21.8 x 15.8 cm
500 ## - NOTA GENERAL
Nota general Con las licencias necesarias
500 ## - NOTA GENERAL
Nota general Estado físico: presenta encuadernación en pergamino con cintas rotas
500 ## - NOTA GENERAL
Nota general En portada: Vendase en casa de D. Antonio Baylo calle de las Carretas
650 14 - PUNTO DE ACCESO ADICIONAL DE MATERIA--TÉRMINO DE MATERIA
Término de materia o nombre geográfico como elemento de entrada Iglesia católica
Subdivisión general Sermones
Subdivisión cronológica Siglo XVIII
9 (RLIN) 22188
650 14 - PUNTO DE ACCESO ADICIONAL DE MATERIA--TÉRMINO DE MATERIA
Término de materia o nombre geográfico como elemento de entrada Sermones
Subdivisión cronológica Siglo XVIII
9 (RLIN) 22279
700 1# - PUNTO DE ACCESO ADICIONAL--NOMBRE DE PERSONA
Nombre de persona Pellicer, Juan Antonio
Término indicativo de función/relación tr.
9 (RLIN) 22280
902 ## - CATALOGADOR
Iniciales CFM
942 ## - ELEMENTOS DE PUNTO DE ACCESO ADICIONAL (KOHA)
Fuente del sistema de clasificación o colocación Library of Congress Classification
Tipo de ítem Koha Libros
Holdings
Estado de retiro Estado de pérdida Estado dañado No para préstamo Localización permanente Ubicación/localización actual Fecha de adquisición Total de préstamos Signatura topográfica completa Código de barras Fecha visto por última vez Precio válido a partir de Tipo de ítem Koha
El ejemplar forma parte de la colección y puede ser consultado según las políticas vigentes.       Biblioteca del Museo Franz Mayer (Rogerio Casas-Alatriste) Biblioteca del Museo Franz Mayer (Rogerio Casas-Alatriste) 06/07/2017   BE162 .F74 1786 CFM00387 22/03/2019 22/03/2019 Libros